Destinačné manažérske organizácie a ich počiatočné pôsobenie na Slovensku
Počiatočné pôsobenie oblastných organizácií cestovného ruchu. Náčrt dopadov Zákona č. 91/2010 Z.z. o podpore cestovného ruchu v regiónoch cestovného ruchu Slovenska.
Gespeichert in:
| 1. Verfasser: | |
|---|---|
| Format: | Buchkapitel |
| Sprache: | Slowakisch |
| Schlagworte: | |
| Tags: |
Keine Tags, Fügen Sie das erste Tag hinzu!
|
MARC
| LEADER | 00000nla a2200000 4500 | ||
|---|---|---|---|
| 001 | 0181707 | ||
| 005 | 20240502073121.8 | ||
| 041 | 0 | |a slo | |
| 044 | |a SK | ||
| 245 | 1 | 0 | |a Destinačné manažérske organizácie a ich počiatočné pôsobenie na Slovensku |c Terézia Fúrová |
| 520 | |a Počiatočné pôsobenie oblastných organizácií cestovného ruchu. Náčrt dopadov Zákona č. 91/2010 Z.z. o podpore cestovného ruchu v regiónoch cestovného ruchu Slovenska. | ||
| 610 | 2 | 0 | |a ruch cestovný |
| 610 | 2 | 0 | |a manažment destinačný |
| 610 | 2 | 0 | |a organizácie |
| 610 | 2 | 0 | |a Slovensko |
| 100 | 1 | |a Fúrová, Terézia | |